000 00563nam a22001697a 4500
003 OSt
005 20171010095517.0
008 120815t xxu||||| |||| 00| 0 eng d
040 _aMMSU
_cULS
100 _aRamirez, Mariecon G.
_912175
245 _aResearch-based self-learning packages on ecological concepts
_cMariecon G. Ramirez
260 _c2001
300 _axiv, 107 leaves
_c28 cm.
500 _aThesis (MA Education-Biology) -- Mariano Marcos State University-Graduate School, Laoag City
504 _aBibliography: leaves 42-44
942 _2ddc
_cTHEDIS
999 _c9744
_d9744